000 00627nam a22001337a 4500
040 _cRUA
082 _aATM CHH 2009 B197 Or.1
100 _aCHHUM, CHAMROEUN.
245 _aefficiency of iseki rice transplanter on senpidao rice (ប្រសិទ្ធភាពរបស់ម៉ាស៊ីនស្ទូងស្រូវស្វ័យប្រវត្តិម៉ាក seki នៅលើពូជស្រូវសែនពិដោរ)
260 _aPhnom Penh
_bRUA
_c2009
300 _ax, 46p.
_bill.
_c29cm.
856 _uhttps://drive.google.com/file/d/1aFvrUdG1K7EAvnj9M0Syms1vVObIQqdU/view?usp=sharing
942 _cATM
999 _c4314
_d4314